| 000 | 00446nam a2200133Ia 4500 | ||
|---|---|---|---|
| 008 | 231129s9999||||xx |||||||||||||| ||spa|| | ||
| 020 | _a84-7232-387-0 | ||
| 040 | _bspa | ||
| 082 | _a341.2 A282r | ||
| 100 | _aAgundez Fernandez Antonio | ||
| 245 | 0 | _aRegimen legal basico de los paises iberoamericanos | |
| 264 | _aEdiciones Cultura Hispanica del Instituto de Cooperacion Iberoamericana | ||
| 942 |
_2ddc _cBKS |
||
| 999 |
_c23864 _d23864 |
||